15 Największych Wysp w Europie na Mapie - Statystyki

Ogólne statystyki
  • Ten quiz został rozwiązany 78 razy
  • Średni wynik to 9 z 15
Odpowiedzi na mapie
Odpowiedzi zakodowano w zielono-czerwonej skali na mapie do tego quizu, zgodnie z poniższymi procentami.
 
Statystyki odpowiedzi
Państwo Nazwa wyspy tysięcy Km2 % Poprawnych
Islandia Islandia 103
100%
Zjednoczone Królestwo Wielka Brytania 209
100%
Irlandia, ZK Irlandia 84,4
98%
Włochy Sycylia 25,7
97%
Grecja Kreta 8,3
91%
Włochy Sardynia 24
86%
Francja Korsyka 8,7
83%
Hiszpania Majorka 3,6
67%
Szwecja Gotlandia 3,1
62%
Dania Zelandia 7
60%
Dania Fionia 3
21%
Estonia Sarema 2,7
21%
Grecja Eubea 3,7
17%
Norwegia Hinnøya 2,2
2%
Zjednoczone Królestwo Lewis and Harris 2,1
2%
Nie znaleziono quizów pasujących do podanych kryteriów
Rozkład punktacji
Procent ludzi z każdym wynikiem
Percentyl według liczby udzielonych odpowiedzi
Twoja historia wyników
Nie rozwiązałeś tego quizu